00605nam a2200109Ia 4500008004100000245002300041300027600064650000900340856005500349999001900404952007200423170517s9999 xx 000 0 und d aBaby Beauty Queens aAs the American phenomenon of the children's beauty pageant hits the UK, this documentary uncovers a surreal new world where nine-year-olds get fake tans and seven-year-olds wear contact lenses. With the grand final of the first ever Mini Miss UK beauty contest taking... xArt. uhttp://topdocumentaryfilms.com/baby-beauty-queens/ c333117d333117 001040aCLbCLd2017-05-17l0r2017-05-17 00:00:00w2017-05-17yDF